000 01049nam a2200205Ii 4500
003 JO-AjNU
008 230605s9999||||xx |||||||||||||| ||und||
040 _aJO-AjNU
_bara
_erda
_cJO-AjNU
041 _aara
050 1 4 _aHF5415.5 2014
100 3 _aاعداد محمد، رحاب عبدالعال,
_eauthor
_951999
245 0 0 _aالشراء العفوي وعلاقته بالتقييمات السلبية لدى المستهلكين بعد الشراء والولاء للمتجر : دور متغير وجهة الضبط بالتطبيق على الهايبر ماركت
264 3 1 _aالقاهرة: المنظمة العربية للتنمية الادارية، 2014
300 _a74ص
_bيحتوي على ببلوغرافية من 63-74ص
336 _atext
_btxt
_2rdacontent
337 _aunmediated
_bn
_2rdamedia
338 _avolume
_bnc
_2rdacarrier
490 0 _aالمنظمة العربية للتنمية الادارية ، بحوث ودراسات
650 4 _a المستهلكون - الشراء - سلوك حياة 
_952000
999 _aA23008
_c26576
_d26576